000 00485nam a2200169 4500
001 143214
003 ES-MaACL
005 20230906200743.0
007 t|
008 070214s1971 sp r ||||1| cat d
100 1 _aSerradell, Bernat.
_9105666
245 1 0 _aTestament de Bernat Serradell. de Vic /
_ca cura d'Arseni Pacheco.
260 _aBarcelona :
_bBarcino,
_c1971.
300 _a127 p. ;
_c22 cm.
700 1 _aPacheco, Arseni.
_988116
852 _aES-MaACL
_jC-46876
_bR.81177
999 _c143214
_d143214